| 000 | 01504nam0a2200325 i 4500 | ||
|---|---|---|---|
| 001 | RU\NLR\BIBL_A\012901691 | ||
| 005 | 20241102015207.0 | ||
| 010 | _a9785972903399 | ||
| 035 | _a(NLR Aleph) 012901691 | ||
| 090 |
_a12582963 _c12582963 |
||
| 100 | _a20221004d2019 u y0rusy50 ca | ||
| 101 | 0 | _arus | |
| 102 | _aRU | ||
| 105 | _aa|||j|||000zy | ||
| 181 | 0 |
_ai _baxxe |
|
| 182 | 0 | _an | |
| 200 | 1 |
_aВозведение земляного полотна автомобильных дорог _eучебное пособие _eдля студентов строительных специальностей _fС. Г. Цуликов, Н. С. Казачек, Л. С. Цупикова |
|
| 203 |
_aТекст _bвизуальный _cнепосредственный |
||
| 210 |
_aМосква _aВологда _cИнфра-Инженерия _d2019 |
||
| 215 |
_a322 с. _cил. _d22 |
||
| 320 | _aБиблиогр.: с. 319-322 (53 назв.) | ||
| 606 |
_aЗемляное полотно дорожное _jУчебные издания для высших учебных заведений _xСтроительство _91139521 _3RU\NLR\AUTH\66453437 |
||
| 686 | 1 | _aО311-063я73-1 | |
| 700 | 1 |
_aЦупиков _bС. Г. _f1934- _gСергей Григорьевич |
|
| 701 | 1 |
_aКазачек _bН. С. _gНаталия Сергеевна |
|
| 701 | 1 |
_aЦупикова _bЛ. С. _gЛариса Сергеевна |
|
| 942 | _cBOOK | ||
| 980 | _aNBR | ||